| 000 | 01298nam0a22003131 4500 | ||
|---|---|---|---|
| 001 | rc\2231462 | ||
| 005 | 20110826164402.7 | ||
| 035 | _a(NLR Aleph) 006544950 | ||
| 090 |
_a6677318 _c6677318 |
||
| 100 | _a20110826d1978 |||y0rusy50 ca | ||
| 101 | 0 | _arus | |
| 102 | _aRU | ||
| 105 | _aa z ||||| | ||
| 200 | 1 |
_aМастер бурения, воспитатель коллектива _e[Буровой мастер Отрадн. упр. буровых работ об-ния Куйбышевнефть И.Г. Феклов] |
|
| 210 |
_aМосква _cНедра _d1978 |
||
| 215 |
_a25 с. _cил. _d20 |
||
| 225 | 1 | _aГерои десятой пятилетки | |
| 606 |
_aБурение на нефть _xОрганизация труда _2psbo |
||
| 606 |
_aМастер на производстве _2psbo |
||
| 606 |
_aГерои Социалистического Труда в нефтяной промышленности _yКуйбышев. обл. _2psbo |
||
| 686 |
_aУ9(2)305.652.510-643.4,0 _2rubbk |
||
| 700 | 1 |
_aТопуридзе _bГ. Г. _gГеоргий Георгиевич |
|
| 702 | 1 |
_aФеклов _bИ. Г. _4570 |
|
| 801 | 0 |
_aRU _bNLR _gpsbo |
|
| 801 | 1 |
_aRU _bELAR _2rusmarc |
|
| 852 |
_aNLR _j78-4/12116 |
||
| 899 |
_aRuMoRGB _jM 78-11/1623 |
||
| 942 | _cBOOK | ||
| 980 | _aNB | ||